000 01656cam a22006014i 4500
003 PE-LiUPU
005 20260318150459.0
008 180613s1997 sp a rb 000 0 spa
020 _a8436811305
020 _a9788436811308
035 _a(Sirsi) a248876
040 _aPE-LiUPU
_bspa
_cPE-LiUPU
_erda
049 _aPRUA
082 0 4 _a150.72
_bD48
_222
100 1 _aDelgado, Ana R.,
_eautor.
245 1 0 _aIntroducción a los métodos de investigación de la psicología /
_cAna R. Delgado.
264 1 _aMadrid :
_bPirámide,
_c1997.
300 _a148 páginas :
_bilustraciones ;
_c24 centímetros.
336 _atext
_2rdacontent
337 _aunmediated
_2rdamedia
338 _avolume
_2rdacarrier
490 0 _aPsicología
504 _aBibliografía : páginas 141-148.
505 0 _aLa metodología -- el método científico de la psicología -- las mosalidades metodológicas.
526 _aSEG68
526 _aSEG70
526 _aSEG69
526 _aSEG67
526 _aSEG43
526 _aP144
526 _aP143
526 _aP131
526 _aP122
526 _aP120
526 _aP117
526 _aP112
526 _aP110
526 _aP106
526 _aP101
526 _aP80
526 _aP59
526 _aP54
526 _aP35
526 _aP33
526 _aP30
650 0 4 _aPsicología
_xInvestigaciones
650 0 4 _aPsicología experimental
650 0 4 _aMetodología científica
_92427
910 _adbm
942 _2ddc
_cBOOK
980 _818226
_gJaime Vilcazán Jefe de Análisis Documental
999 _c28495
_d28495